[Event "SU Annen (ch)"]
[Site "?"]
[Date "2024.09.20"]
[Round "3"]
[White "Reichard, Sven"]
[Black "Krug, Christopher"]
[Result "1/2-1/2"]
[WhiteElo "1427"]
[BlackElo "1537"]
[PlyCount "114"]
[EventDate "2024.01.12"]
[SourceDate "2024.01.12"]

1. e4 c6 2. d4 d5 3. e5 Bf5 4. Nc3 e6 5. Nf3 Bg4 6. Be2 Nd7 7. a3 Ne7 {#} 8.
Be3 (8. h3 Bxf3 9. Bxf3 Ng6 10. O-O c5 11. Be3 Be7 12. Bh5 O-O 13. f4 cxd4 14.
Bxd4 Bc5 15. Ne2 Ne7 16. c3 Rc8 17. Qd2 Nc6 18. Bf3 Na5 19. Qd3 Nb3 20. Rad1 a6
21. Rf2 g6 22. Be3 Nb6 23. Bxc5 Nxc5 24. Qb1 Nc4 25. Nd4 Qc7 26. Qc1 Qb6 27. b4
Na4 28. Kh2 Qc7 29. Rd3 Qb6 30. Rd1 Qc7 31. Rd3 b5 32. h4 Qb6 33. Rc2 Kh8 34.
g3 Qd8 35. Rd1 Rg8 36. Be2 Qe7 37. Re1 Rg7 38. Rd1 Nab6 39. Kg2 h6 40. Re1 h5
41. Bd3 Kg8 42. Rf2 Na4 43. Bb1 Nab6 44. Bc2 Re8 45. Rf3 Na4 46. Bd3 Nab2 47.
Bb1 Na4 48. Bc2 Qd8 49. Bb3 Nab6 50. Qc2 Qd7 51. Ra1 Na4 52. Bxc4 dxc4 53. Rf2
Nb6 54. Kh2 Nd5 55. Rd2 Kh8 56. a4 Rgg8 57. axb5 axb5 58. Ra5 Ra8 59. Qc1 Rxa5
60. bxa5 Kg7 61. Ra2 Rc8 62. a6 b4 63. cxb4 Nxb4 64. Qd2 Qe7 65. Ra3 Nd5 66.
Nc2 Qc5 67. f5 c3 68. f6+ Kh7 69. Qd4 Qxd4 70. Nxd4 c2 71. Ne2 Nb6 72. g4 Rd8
73. Kh3 Rd2 74. Nc1 hxg4+ 75. Kxg4 Rd1 76. Ra1 Nc8 77. Kg3 Kh6 78. Kg4 Na7 79.
Kf4 Kh5 80. Kg3 Nb5 81. Kf2 Kxh4 82. Ra4+ Kg5 83. Ne2 Nc3 84. a7 Rd8 85. Rc4
Nxe2 {0-1 Kjeldsen,K (1642)-Witzschel,P (2377), email 2011}) (8. O-O Nf5 9. Bf4
(9. Ne1 Bxe2 10. Nxe2 Be7 11. c3 Qb6 12. Nc2 Qb3 13. Ne3 Qxd1 14. Rxd1 Nxe3 15.
Bxe3 f6 16. exf6 Bxf6 17. Re1 e5 18. Rad1 e4 19. c4 Nb6 20. cxd5 cxd5 21. Nc3
Be7 22. f3 exf3 23. gxf3 Kf7 24. Bf4 Rac8 25. Rd3 Rc6 26. Re2 Re8 27. Kf1 a6
28. Be5 Rec8 29. Bxg7 Bxa3 30. Be5 Bb4 31. Na2 Be7 32. Rb3 Rg8 33. Nb4 Bxb4 34.
Rxb4 Rc1+ {1/2-1/2 Jarabinsky,M (2127)-Cakl,M (2123), email 2012}) 9... Be7 10.
Qd2 O-O 11. h3 Bxf3 12. Bxf3 Qb6 13. Ne2 g5 14. Bxg5 Bxg5 15. Qxg5+ Kh8 16. Qd2
Rg8 17. Bg4 Rg7 18. Bxf5 exf5 19. Qf4 Rag8 20. Qxf5 Nf8 21. g3 Ne6 22. Qd3 Ng5
23. Kh2 Ne4 24. Rab1 Qa5 25. b4 Qd8 26. b5 Qg5 27. bxc6 bxc6 28. Nf4 h5 29. h4
Qh6 30. Rb7 a5 31. c4 a4 32. Qe2 Qh7 33. cxd5 cxd5 34. Qxh5 Qxh5 35. Nxh5 Rg4
36. Rxf7 Nd2 37. Rc1 R4g6 38. Rcc7 Rh6 39. Nf6 Rd8 40. Rh7+ {1-0 Buchaillot,L 
(1761)-Perez,G (1542), email 2013}) 8... Nf5 9. O-O Be7 10. Qd2 h6 11. h3 Bh5
12. g4 Nxe3 13. fxe3 Bg6 14. Rf2 Bh4 15. Nxh4 Qxh4 16. Kg2 h5 17. Rh1 hxg4 18.
Bxg4 O-O-O 19. Kf1 Bh5 20. Rg2 Bxg4 21. Rxg4 Qxg4 22. hxg4 Rxh1+ 23. Kg2 Rdh8
24. Qd3 g5 25. Nd1 Nf8 26. Nf2 R1h2+ 27. Kg3 Ng6 28. Qf1 Kd7 29. Qg1 b5 30.
Qxh2 Rxh2 31. Kxh2 Ke7 32. b4 f6 33. exf6+ Kxf6 34. Nd3 e5 35. Kg3 Ke6 36. Nc5+
{(=)} Ke7 37. Kf3 Nh4+ 38. Kf2 e4 39. Nb7 Nf3 40. Na5 Kd7 41. Nb3 Kc7 42. Kg3
Ne1 43. Na1 Kb6 44. Kf2 Nf3 45. Nb3 a6 46. c3 a5 47. Na1 a4 48. Nc2 Nd2 49. Ke2
Nc4 50. Ke1 Kc7 51. Ke2 Kd6 52. Ke1 Ke6 53. Ke2 Kf6 54. Ke1 Nb2 55. Kd2 Nd3 56.
Ke2 Nc1+ 57. Kd2 Nd3 1/2-1/2

[Event "SU Annen (ch)"]
[Site "?"]
[Date "2024.09.20"]
[Round "3"]
[White "Köhler, Frank"]
[Black "Saage, Armin"]
[Result "1-0"]
[WhiteElo "1729"]
[BlackElo "1321"]
[PlyCount "78"]
[EventDate "2024.01.12"]
[SourceDate "2024.01.12"]

1. c4 g6 2. g3 Bg7 3. Bg2 c6 4. Nc3 Qc7 5. d3 d6 6. e4 Nf6 7. Nge2 O-O 8. O-O
e5 9. h3 Be6 {#} 10. Be3 (10. f4 Qc8 (10... exf4 11. Nxf4 Na6 12. Be3 Qd7 13.
g4 Rfd8 14. g5 Ne8 15. Qf3 Nec7 16. Rad1 Nb4 17. Qf2 c5 18. a3 Nc6 19. Ncd5
Bxd5 20. cxd5 Nd4 21. h4 a5 22. Bh3 Qe7 23. Kh1 a4 24. h5 b5 25. Qh4 Rf8 26.
Rd2 Be5 27. Bxd4 Bxd4 28. Rh2 Be5 29. Bg4 Rad8 30. Rg2 Rb8 31. Bd1 Bxf4 32.
Qxf4 Rbe8 33. Rgf2 Qe5 34. Qg4 Rd8 35. Qg2 Qd4 36. Qf3 Qe5 37. hxg6 hxg6 38.
Rh2 Qg7 39. Qh3 Rfe8 40. Rf4 Re5 41. Rh4 {1-0 Cummings,D (2366)-Kandic,M (2143)
, Caleta 2011}) 11. Kh2 Rd8 12. Rb1 Na6 13. b4 Nc7 14. b5 h6 15. bxc6 bxc6 16.
Qa4 Bd7 17. Qc2 Nh7 18. Ba3 c5 19. Bc1 Rb8 20. Bd2 Rxb1 21. Rxb1 Bc6 22. Nb5
Nxb5 23. cxb5 Ba8 24. Qc4 Nf8 25. a4 Qe6 26. Qxe6 Nxe6 27. a5 Rb8 28. fxe5 dxe5
29. Nc3 Bf8 30. Nd5 Kg7 31. b6 Bd6 32. h4 Nd4 33. Bc3 Bxd5 34. exd5 axb6 35.
Rxb6 Rxb6 36. axb6 Kf8 37. Bh3 f5 38. b7 Ke7 39. Ba5 Nb5 40. Kg2 Bb8 41. g4 Nd4
42. Bc3 Kd6 43. Bxd4 cxd4 44. gxf5 gxf5 45. Bxf5 Kxd5 {1/2-1/2 Schmidt,A (1636)
-Bader,D (2136), Nuremberg 2002}) 10... c5 11. Nd5 Nxd5 12. cxd5 Bd7 13. Rc1 b6
14. b4 Na6 15. Qb3 Nxb4 16. Qxb4 a5 17. Qd2 f5 18. f4 Qc8 19. Kh2 Qe8 20. fxe5
Bxe5 21. Bf4 Rf7 22. d4 cxd4 23. Nxd4 h5 24. exf5 Bxf4 25. Qxf4 Qd8 26. Qxd6 g5
27. Qg6+ Rg7 28. Qxh5 Rh7 29. Qg6+ Rg7 30. Qd6 g4 31. h4 Rh7 32. Qg6+ Rg7 33.
Ne6 Bxe6 34. Qxe6+ Kh8 35. f6 Rh7 36. Qe5 Rf7 37. d6 Raa7 38. Bd5 Rh7 39. f7+
Rg7 1-0

[Event "SU Annen (ch)"]
[Site "?"]
[Date "2024.09.27"]
[Round "4"]
[White "Schröder, Paul"]
[Black "Stergar, Lothar"]
[Result "1/2-1/2"]
[WhiteElo "1597"]
[BlackElo "1515"]
[PlyCount "78"]
[EventDate "2024.08.30"]
[EventType "swiss"]
[EventRounds "7"]
[EventCountry "GER"]
[SourceDate "2024.01.12"]

1. c4 Nf6 2. Nc3 g6 3. g3 Bg7 4. Bg2 O-O 5. d4 c6 6. e4 d6 7. Nge2 e5 8. dxe5
dxe5 9. Be3 Nbd7 10. h3 Qc7 11. Qc2 Nb6 12. b3 Be6 13. Rd1 a5 {#} 14. O-O (14.
f4 Rad8 15. O-O Rxd1 16. Rxd1 Rd8 17. Kh2 Ne8 18. Ng1 Rxd1 19. Qxd1 Nd7 20.
Nce2 f5 21. exf5 Bxf5 22. Nf3 Bh6 23. Nh4 Be6 24. Qd3 exf4 25. Nxf4 Bf7 26. Nf3
Bg7 27. Qd2 Ne5 28. Nd3 Nxf3+ 29. Bxf3 a4 30. Bf4 Qe7 31. Qf2 axb3 32. axb3 Nc7
33. Nc5 Ne6 34. Nxe6 Bxe6 35. Qe3 Qd7 36. Bg2 Bd4 37. Qe1 Bf5 38. g4 Be6 39.
Be5 Bc5 40. b4 Bd6 41. c5 Bf8 42. Qe3 Bd5 43. Qd4 Qf7 44. Bxd5 cxd5 45. Kg3 h5
46. b5 Qd7 47. gxh5 gxh5 48. Qd3 Qe6 49. Bd4 Be7 50. Qe3 Qg6+ 51. Kh2 Bg5 52.
Qf3 Qf7 53. Qxf7+ Kxf7 54. Kg3 Bd8 55. Kf4 Ke6 56. c6 bxc6 57. bxc6 Kd6 58. c7
Kxc7 59. Ke5 Kc6 60. Bf2 {1/2-1/2 Cerveny,M (1615)-Voracek,M (1845), Svetla
nad Sazavou 1995}) 14... a4 15. Bxb6 Qxb6 16. Nxa4 Qb4 17. Qc3 Rxa4 18. bxa4
Qxa4 19. Qb3 Qxc4 20. Qxc4 Bxc4 21. Rd2 Ra8 22. Rb1 Ba6 23. Rbd1 Ne8 24. Rd8
Rxd8 25. Rxd8 Kf8 26. Bf1 Ke7 27. Rd2 f5 28. exf5 gxf5 29. Nc3 Bxf1 30. Kxf1 e4
31. Na4 b5 32. Nc5 Nf6 33. Rc2 Nd5 34. a3 Bd4 35. Nb3 Bc3 36. Nc1 Kd6 37. Ne2
Be5 38. Ke1 h5 39. h4 Kd7 1/2-1/2

[Event "SU Annen (ch)"]
[Site "?"]
[Date "2024.09.27"]
[Round "4"]
[White "Reichard, Sven"]
[Black "Helbig, Dieter"]
[Result "1-0"]
[WhiteElo "1427"]
[BlackElo "1483"]
[PlyCount "69"]
[EventDate "2024.08.30"]
[EventType "swiss"]
[EventRounds "7"]
[EventCountry "GER"]
[SourceDate "2024.01.12"]

1. e4 e6 2. d4 c5 3. Nf3 cxd4 4. Nxd4 Nc6 5. Nc3 Bb4 6. Be2 Nf6 7. f3 d5 8.
Nxc6 bxc6 9. exd5 cxd5 10. Qd4 {#} Qb6 (10... Qa5 11. Bg5 Bc5 12. Qa4+ Qxa4 13.
Nxa4 Bb4+ 14. Bd2 Bd6 15. Nc3 O-O 16. Bd3 h6 17. O-O Rb8 18. Rab1 e5 19. Rfe1
Re8 20. Kh1 Bd7 21. a3 Bc6 22. Na2 e4 23. fxe4 dxe4 24. Be2 Nd5 25. c4 e3 26.
Bc3 Nf4 27. Bf3 Bxf3 28. gxf3 e2 29. Nc1 Bc5 30. Bd2 Ng6 31. Rxe2 Rxe2 32. Nxe2
Bxa3 33. Bc3 Bd6 34. b4 Ne5 35. c5 Bc7 36. Nd4 Nd3 37. Nc6 Re8 38. Nxa7 Re2 39.
Bd4 Rxh2+ 40. Kg1 Rc2 41. Nb5 Bb8 42. Na3 Ra2 43. Rb3 Nf4 44. Bb2 Kh7 45. b5
Nd3 46. b6 Nxb2 47. c6 Ra1+ 48. Kg2 Rc1 49. c7 {1/2-1/2 Llaneza Vega,V-Cruz,D 
(2125), La Coruna 1999}) (10... Ba5 11. Bg5 O-O 12. Bxf6 Qxf6 13. Qxf6 gxf6 14.
O-O Bxc3 15. bxc3 a5 16. Rfd1 Bb7 17. Rab1 Ra7 18. Rb3 Rc8 19. Kf2 Ba6 20. Bxa6
Rxa6 21. Rd3 Rac6 22. Ke3 a4 23. Ra3 Rc4 24. Kd2 Kg7 25. Rd4 Kg6 26. h4 R8c5
27. Kd3 f5 28. g3 f4 29. gxf4 f5 30. Rxa4 Rxc3+ 31. Ke2 Rxc2+ 32. Kf1 R5c3 33.
Ra6 Rxf3+ 34. Kg1 Re3 35. Kf1 Kh5 36. a4 Kxh4 37. a5 Kg3 38. Rd1 Ree2 39. Rd3+
Kxf4 40. Ra3 Ra2 41. Rb3 d4 42. Ra8 Rec2 43. Rb1 d3 44. Rb4+ Kf3 45. a6 Rc1# {
0-1 Roussel,G (1562)-Burel,I (1668), Fouesnant 2009}) (10... Qe7 11. Bd2 e5 12.
Bb5+ Kf8 13. Nxd5 exd4+ 14. Nxe7 Bxd2+ 15. Kxd2 Kxe7 16. Rhe1+ Be6 {0-1
Lamoureux,Y-Morin,L, Montreal 2015}) 11. Be3 O-O 12. Qxb6 axb6 13. Bxb6 Nd7 14.
Be3 e5 15. Bd2 Bxc3 16. Bxc3 Ba6 17. Bxa6 Rxa6 18. Kd2 d4 19. Bb4 Rb8 20. a3
Rc6 21. c3 Rbc8 22. Rac1 Nb6 23. b3 dxc3+ 24. Rxc3 Nd5 25. Rxc6 Rxc6 26. Rc1
Rxc1 27. Kxc1 Nxb4 28. axb4 Kf8 29. Kc2 Ke7 30. Kc3 Kd6 31. Kc4 f5 32. b5 g5
33. b6 Kc6 34. b7 Kxb7 35. Kd5 1-0

[Event "SU Annen (ch)"]
[Site "?"]
[Date "2024.09.27"]
[Round "4"]
[White "Zimmermann, Kolya"]
[Black "Jeschke, Holger"]
[Result "1-0"]
[WhiteElo "1350"]
[BlackElo "1829"]
[PlyCount "57"]
[EventDate "2024.08.30"]
[EventType "swiss"]
[EventRounds "7"]
[EventCountry "GER"]
[SourceDate "2024.01.12"]

1. e4 c6 2. d4 d5 3. exd5 cxd5 4. Nf3 Nc6 5. Bd3 Nf6 6. c3 Bg4 7. O-O e6 8. Bf4
Bd6 9. Bxd6 Qxd6 10. Nbd2 Rc8 {#} 11. Qe2 (11. a3 O-O 12. Re1 a6 (12... Rfe8
13. Qc2 Bxf3 14. Nxf3 e5 15. dxe5 Nxe5 16. Nxe5 Rxe5 17. Rxe5 Qxe5 18. h3 Re8
19. Qa4 a6 20. Rd1 g6 21. g3 Re7 22. Bf1 Ne4 23. Qd4 Qf5 24. Bg2 Re6 25. Re1
Ng5 26. Rd1 Nf3+ 27. Bxf3 Qxf3 28. b3 h5 29. h4 Re4 30. Qd2 Re2 31. Qd4 Rxf2
32. Qxf2 Qxd1+ 33. Kh2 Qxb3 34. Qc5 Qc4 35. Qb6 Qxc3 36. Qd8+ Kg7 37. Qxd5 Qb2+
38. Kg1 Qb6+ 39. Kh2 Qf2+ 40. Kh1 Qxg3 41. Qd4+ Kh7 42. Qf6 Qh3+ 43. Kg1 Qe3+
44. Kh2 Qd2+ 45. Kg1 Qc1+ 46. Kh2 Qc2+ 47. Kg1 Qf5 48. Qe7 b5 49. Qb7 Qe6 50.
Kf1 Qc4+ 51. Kg2 a5 52. Qa7 a4 53. Qb7 Kg7 54. Qe7 Qd5+ 55. Kg1 Qf5 56. Kh2 Qf6
57. Qb4 Qe5+ 58. Kg1 Qg3+ 59. Kf1 Qg4 60. Qe7 Qd4 61. Kg2 b4 {0-1 Cuetos Lolo,
N (1790)-Tarin Casado,F (1815), Padrun 2008}) 13. Qa4 Qc7 14. Ne5 Bh5 15. Ndf3
Na5 16. Rac1 b5 17. Qc2 Nc4 18. Nd2 Qb7 19. Be2 Bxe2 20. Rxe2 a5 21. Nexc4 bxc4
22. Nf3 Rc6 23. Qa4 Ra8 24. h3 Rb6 25. Qc2 Rb8 26. Rb1 Rb3 27. a4 Ra3 28. Nd2
Ra2 29. Nf3 Qb3 30. Qxb3 Rxb3 31. Ne5 Rxa4 32. g4 Rb7 33. f4 Ne4 34. Rc2 Nd6
35. Kf2 Nb5 36. Ke2 Na3 37. Ra1 Nxc2 38. Rxa4 Rxb2 39. Rxa5 h6 40. Ra8+ Kh7 41.
Nxf7 Nxd4+ 42. Kf1 Ne2 43. Rh8+ Kg6 44. Ne5+ Kf6 45. Rf8+ Ke7 46. Rf7+ Ke8 47.
Rxg7 Nxf4 48. Rg8+ Ke7 49. Rg7+ Kf6 50. Rh7 Kxe5 51. Rxh6 Rh2 52. h4 Rg2 53. g5
Rh2 54. Kg1 Rh3 55. Kf2 Kf5 56. Rf6+ Ke5 57. Rh6 Rxc3 58. g6 Kf6 59. h5 Rh3 60.
Rh8 Rxh5 {0-1 Zubizarreta Riego,M-Garcia San Martin,A (1961), Eibar 2006}) (11.
Qe1 O-O 12. Ne5 a6 13. a4 Bh5 14. Ndf3 Rfe8 15. Nxc6 Rxc6 16. Ne5 Rc7 17. Be2
Bg6 18. Bd3 Nd7 19. Bxg6 hxg6 20. f4 Nf6 21. Rf3 b5 22. axb5 axb5 23. Rh3 Nh5
24. Qh4 Qe7 25. Qxe7 Rcxe7 {1/2-1/2 Summers,J (1728)-Kurley,R (1686), Hamburg
2018}) (11. Re1 O-O 12. h3 (12. Qb1 h6 13. Ne5 a6 14. Nxg4 Nxg4 15. Nf3 b5 16.
h3 Nf6 17. a3 Na5 18. Ne5 Nb3 19. Ra2 Nd2 20. Qc2 Nde4 21. Qe2 Qb6 22. f3 Ng3
23. Qf2 Nf5 24. Bxf5 exf5 25. Nd3 Qd6 26. Re5 g6 27. Qh4 Kh7 28. Ra1 g5 29. Qf2
g4 30. fxg4 fxg4 31. Qf5+ Kh8 32. Rf1 Ne4 33. Rxd5 Qc6 34. Qe5+ f6 35. Qxe4
Rce8 36. Qf5 gxh3 37. Qh5 f5 38. Rdxf5 {0-1 Frontera,D (1659)-De Rasis,G (1743)
, Cutro 2008}) (12. Qc2 Nb4 13. Qb1 Nxd3 14. Qxd3 Bf5 15. Qe2 Qb6 16. Nb3 Rfd8
17. h3 h6 18. Ne5 Nd7 19. Nxd7 Rxd7 20. Nc5 Rdc7 21. Red1 Qd6 22. Re1 b6 23.
Nb3 a5 24. a3 Qc6 25. Nc1 Qa4 26. Nd3 Qb3 27. Nc1 Qa4 28. Nd3 Qd7 29. Ne5 Qe8
30. Nd3 Rb7 31. Rec1 Qe7 32. Re1 Rbb8 33. Rec1 b5 34. b4 Bxd3 35. Qxd3 Rc4 36.
Ra2 Ra8 37. Rb2 Qc7 38. Rbc2 g6 39. Qe3 Kh7 40. Qf3 Kg7 41. Qe3 Rc8 42. f4 Qb6
43. Kh1 R8c6 44. g3 Qd8 45. Kh2 Qc8 46. Qd3 Qc7 47. Qd2 Qa7 48. Qe2 axb4 49.
axb4 Ra6 50. Qd2 Ra3 51. Qd1 Rc6 52. Kg2 Rca6 53. Qd2 Qc7 54. Qe2 Qc6 55. Qe5+
Kh7 56. Qe2 Rb3 57. Qd2 Qc4 58. Kh2 Rba3 59. Kg2 Qb3 60. Rb2 Qc4 61. Rbc2 Kg7
62. Kh2 Kf6 63. Kg2 Qb3 64. Rb2 Qc4 65. Rbc2 Ke7 66. Kh2 Ra1 67. Rxa1 Rxa1 68.
Qe2 Qxe2+ 69. Rxe2 Rc1 70. Re3 Rc2+ 71. Kg1 f6 72. Kh1 f5 73. h4 Kf6 74. Kg1 g5
75. hxg5+ hxg5 76. Rf3 Re2 77. Kf1 Rh2 78. Rf2 Rh1+ 79. Kg2 Rc1 80. Rf3 Rc2+
81. Kg1 Kg6 82. Re3 Kh5 83. fxg5 Kxg5 84. Rxe6 Rxc3 85. Rb6 Rxg3+ 86. Kf2 Rd3
87. Rxb5 Rxd4 88. Rb8 Kf4 89. b5 Rd2+ 90. Ke1 Rb2 91. b6 Ke3 92. Re8+ Kd4 93.
Rf8 Rxb6 94. Rxf5 Rb2 95. Rf8 Kd3 96. Rd8 d4 97. Rd7 Rb1+ 98. Kf2 Rd1 99. Rd8
Kc2 100. Rc8+ Kd2 101. Rd8 d3 102. Rd7 Ra1 103. Rc7 Kd1 104. Rd7 d2 105. Rd8
Ra7 106. Rc8 Rf7+ 107. Kg2 Rf4 108. Kg3 Rf5 109. Kg4 Rf2 110. Kg3 Ke1 111. Rd8
Re2 {0-1 Gresek,O (1629)-Kala,J (1750), Kouty nad Desnou 2024}) 12... Bh5 13.
Qb3 Nd7 14. Rac1 e5 15. dxe5 Ndxe5 16. Nxe5 Nxe5 17. Qc2 Bg6 18. Bxg6 fxg6 19.
Nb3 Rf5 20. Nd4 Rh5 21. Re3 Rf8 22. Rce1 a6 23. Qe2 Nc4 24. Re8 Rxe8 25. Qxe8+
Qf8 26. Qe6+ Kh8 27. Qd7 Ne5 28. Qxb7 Nd3 29. Ne6 Qg8 30. Re2 Rf5 31. Qxa6 Nc1
32. Re1 Rf6 33. Rxc1 Rxe6 34. Qd3 Rb6 35. b3 h6 36. Rd1 Rd6 37. a4 Qb8 38. b4
Qa7 39. Qb5 Rf6 40. Qc5 Qxa4 41. Qxd5 Rf5 42. Qd7 Qc2 43. Qd2 Qe4 44. Qd4 Qe2
45. Ra1 Kh7 46. Ra7 Qe1+ 47. Kh2 Rf6 48. Qxf6 {1-0 Guzik,J-Lisowska,O (1825),
Augustow 1996}) 11... O-O 12. Qe3 h6 13. Ne5 Bh5 14. f4 Ne7 15. Rae1 Rfe8 16.
Qh3 Bg6 17. Be2 Bh7 18. Rf3 Ne4 19. Nf1 f6 20. Ng4 Nf5 21. Bd3 Qb6 22. Kh1 e5
23. fxe5 Ng5 24. Qh5 Nxf3 25. gxf3 Qe6 26. Re2 Qf7 27. Qh3 Ng3+ 28. Qxg3 Bxd3
29. Nxh6+ 1-0

[Event "SU Annen (ch)"]
[Site "?"]
[Date "2024.10.02"]
[Round "4"]
[White "Krug, Christopher"]
[Black "Köhler, Frank"]
[Result "0-1"]
[WhiteElo "1537"]
[BlackElo "1729"]
[PlyCount "77"]
[EventDate "2024.08.30"]
[EventType "swiss"]
[EventRounds "7"]
[EventCountry "GER"]
[SourceDate "2024.01.12"]

1. d4 Nf6 2. Nf3 g6 3. Nc3 d5 4. g3 Bg7 5. Bg2 O-O 6. Ne5 {#} Be6 (6... b6) (
6... Nbd7) (6... c5) (6... c6 {- D 01/1}) 7. b4 Nbd7 8. O-O c6 9. Kh1 Ne8 10.
f4 Nd6 11. a4 f6 12. Nxd7 Qxd7 13. Re1 a5 14. Rb1 axb4 15. Rxb4 Nc4 16. Qd3 f5
17. Bb2 Rfc8 18. e3 Nd6 19. Ra1 Ne4 20. Nxe4 fxe4 21. Qb3 Ra7 22. Bf1 Rca8 23.
Rb6 Bg4 24. a5 Bf3+ 25. Kg1 h5 26. c4 Kh7 27. c5 h4 28. a6 bxa6 29. Raxa6 Rxa6
30. Rxa6 Rxa6 31. Bxa6 hxg3 32. Qc2 Qg4 33. Bf1 gxh2+ 34. Kxh2 Bf6 35. Bh3 Qh5
36. Bc3 g5 37. fxg5 Bxg5 38. Qf2 Bg4 39. Qg3 0-1

[Event "SU Annen (ch)"]
[Site "?"]
[Date "2024.09.27"]
[Round "4"]
[White "Saage, Armin"]
[Black "Solomov, Christian"]
[Result "1-0"]
[WhiteElo "1321"]
[BlackElo "1408"]
[PlyCount "121"]
[EventDate "2024.08.30"]
[EventType "swiss"]
[EventRounds "7"]
[EventCountry "GER"]
[SourceDate "2024.01.12"]

1. b3 e5 2. Bb2 Nc6 3. e3 d6 4. d4 e4 5. Bb5 {#} Bd7 (5... d5 6. Ne2 Nf6 7. c4
a6 8. Bxc6+ (8. cxd5 Qxd5 9. Bc4 Qg5 10. Ng3 h5 11. h4 Qg6 12. Nc3 Bd6 13. Nge2
Qxg2 14. Rg1 Qh2 15. Rxg7 Rf8 16. a4 Bf5 17. Qc2 Nb4 18. Qd2 Ng4 19. O-O-O Qxf2
20. Nf4 Qxe3 21. Nfd5 Nxd5 22. Nxd5 Qxd2+ 23. Kxd2 O-O-O 24. Ne3 Bf4 25. Re1
Nxe3 26. Rxe3 Bg6 27. Ke2 Bxe3 28. Kxe3 Rg8 29. d5 Rxg7 30. Bxg7 Rg8 31. Bf6
Bf5 32. Bg5 Bd7 33. d6 Be6 34. dxc7 Bxc4 35. bxc4 Kxc7 36. Kxe4 Rg6 37. Kf5 Kc6
38. Be3 Rg4 39. c5 Rxa4 40. Bg5 Kxc5 41. Kf6 Kd5 42. Kxf7 b5 43. Kg6 b4 44.
Kxh5 b3 45. Bf6 Rd4 46. Kg5 b2 47. Bxd4 Kxd4 48. h5 b1=Q 49. h6 Qh7 50. Kh5 a5
51. Kg5 a4 52. Kh5 a3 53. Kg5 a2 54. Kh5 a1=Q 55. Kg5 Qg1+ 56. Kf6 Qf2+ 57. Ke6
Qg6+ 58. Kd7 Qff7+ {0-1 Winkels,M (1974)-Sanchez,R (1989), Chess.com 2022})
8... bxc6 9. cxd5 cxd5 10. O-O Bd6 11. Nbc3 O-O 12. Rc1 Be6 13. Rc2 Bxh2+ 14.
Kh1 Bd6 15. Ng3 Ng4 16. Nce2 Qh4+ 17. Kg1 Qh2# {0-1 Buryshin,V (2306)-Necula,I
(1890), Chess.com 2020}) 6. Nd2 d5 7. a3 Qg5 8. g3 Bd6 9. h4 Qe7 10. c4 Nf6 11.
c5 Bxg3 12. fxg3 Bg4 13. Bxc6+ bxc6 14. Ne2 Bh5 15. Nf1 Ng4 16. Nf4 Qf6 17. Kd2
Qf5 18. Nxh5 Qxh5 19. Nh2 f5 20. Nxg4 fxg4 21. Qe2 Rb8 22. b4 a5 23. Bc3 Kd7
24. Rhf1 Rb5 25. Rf4 Ra8 26. Qxg4+ Qxg4 27. Rxg4 axb4 28. Rxg7+ Kc8 29. Rg8+
Kb7 30. Rxa8 bxc3+ 31. Kxc3 Kxa8 32. Rf1 Rb8 33. Rf2 Kb7 34. Rf7 Ra8 35. Rxh7
Rg8 36. Rf7 Rxg3 37. Kd2 Rh3 38. Rf4 Ka6 39. Rf6 Kb5 40. a4+ Kc4 41. Ke2 Rxh4
42. Kf2 Rh2+ 43. Kg3 Ra2 44. Rxc6 Kd3 45. Kf4 Rf2+ 46. Ke5 Kxe3 47. Kxd5 Rd2
48. Kc4 Rxd4+ 49. Kb5 Kf2 50. Rxc7 e3 51. Re7 e2 52. a5 Rd3 53. Rxe2+ Kxe2 54.
a6 Ra3 55. c6 Kd3 56. c7 Rc3 57. Kb6 Rb3+ 58. Ka7 Rc3 59. Kb7 Rb3+ 60. Kc6 Rc3+
61. Kd7 1-0

[Event "SU Annen (ch)"]
[Site "?"]
[Date "2024.10.11"]
[Round "5"]
[White "Zimmermann, Kolya"]
[Black "Schröder, Paul"]
[Result "1-0"]
[WhiteElo "1350"]
[BlackElo "1597"]
[PlyCount "76"]
[EventDate "2024.08.30"]
[EventType "swiss"]
[EventRounds "7"]
[EventCountry "GER"]
[SourceDate "2024.01.12"]

1. e4 e6 2. d4 c5 3. Nf3 cxd4 4. c3 dxc3 5. Nxc3 Nc6 6. Bc4 g6 7. O-O Bg7 8.
Nb5 Nge7 9. Nd6+ Kf8 10. Ng5 Ne5 {#} 11. Bb3 (11. b3) (11. Qb3) (11. Ndxf7) (
11. Ngxf7) (11. Bb3 {- B20/4}) 11... h6 12. Nh3 f6 13. Be3 Nf7 14. Bc5 b6 15.
Ba3 Ba6 16. Re1 f5 17. exf5 Nxd6 18. Bxd6 gxf5 19. Nf4 Kg8 20. Bxe7 Qxe7 21.
Ng6 Qe8 22. Nxh8 Kxh8 23. Qd2 Rc8 24. Rac1 Rxc1 25. Rxc1 Bb5 26. f4 Qb8 27. g3
Qb7 28. Bc4 Bc6 29. b3 b5 30. Be2 Qb6+ 31. Kf1 Bd4 32. Qb4 Bg1 33. Qf8+ Kh7 34.
Qf7+ Kh8 35. Qf6+ Kh7 36. Ke1 Qa5+ 37. Kf1 Qb6 38. Ke1 Bg2 1-0

[Event "SU Annen (ch)"]
[Site "?"]
[Date "2024.10.11"]
[Round "5"]
[White "Stergar, Lothar"]
[Black "Reichard, Sven"]
[Result "1-0"]
[WhiteElo "1515"]
[BlackElo "1427"]
[PlyCount "41"]
[EventDate "2024.08.30"]
[EventType "swiss"]
[EventRounds "7"]
[EventCountry "GER"]
[SourceDate "2024.01.12"]

1. e4 c5 2. Nf3 d6 3. d4 cxd4 4. Nxd4 Nf6 5. Nc3 g6 6. Be2 Bg7 7. Be3 O-O 8. f3
Bd7 9. Qd2 Re8 10. O-O-O Nc6 11. g4 {#} Kh8 (11... Ne5) (11... Qa5) (11... a5)
(11... Rf8) (11... Bh8) (11... Nxd4) (11... Rc8) (11... a6 {- B72}) 12. h4 h5
13. gxh5 Nxh5 14. Nd5 Rc8 15. Nf4 $2 Nxd4 16. Bxd4 Nxf4 17. Bxg7+ Kxg7 18. Qxf4
Rh8 19. h5 Rh6 $2 20. hxg6 Rxg6 21. Rdg1 (21. Rh7+ $1) 1-0

[Event "SU Annen (ch)"]
[Site "?"]
[Date "2024.10.11"]
[Round "5"]
[White "Helbig, Dieter"]
[Black "Köhler, Frank"]
[Result "1/2-1/2"]
[WhiteElo "1483"]
[BlackElo "1729"]
[PlyCount "49"]
[EventDate "2024.08.30"]
[EventType "swiss"]
[EventRounds "7"]
[EventCountry "GER"]
[SourceDate "2024.01.12"]

1. e4 c5 2. Nf3 g6 3. d4 cxd4 4. Qxd4 Nf6 5. e5 Nc6 6. Qd1 Nxe5 7. Nc3 Nxf3+ 8.
Qxf3 Bg7 9. Be3 {#} d6 (9... O-O 10. O-O-O (10. Bd3 d6 11. O-O-O Bg4 12. Qxb7
Bxd1 13. Rxd1 Qd7 14. Qf3 a5 15. Bb5 Qc7 16. Bc6 Rac8 17. Ba4 Rb8 18. Qc6 Qxc6
19. Bxc6 Rfc8 20. Bf3 Nd7 21. Bd4 Bh6+ 22. Be3 Bxe3+ 23. fxe3 Ne5 24. Nd5 Kf8
25. Be2 Nc4 26. b3 Nb6 27. c4 Nxd5 28. Rxd5 Rc5 29. Rd1 a4 30. Kc2 axb3+ 31.
axb3 Ra8 32. Bf3 Ra2+ 33. Kc3 Rca5 34. b4 R5a3+ 35. Kd4 e6 36. c5 dxc5+ 37.
Kxc5 Rxe3 38. b5 Rc2+ 39. Kd6 Rb3 40. Bc6 Rcb2 41. Rd4 Rxb5 42. Bxb5 Rxb5 43.
Kc6 Rb2 44. Rg4 Ke7 45. Rg3 Rc2+ 46. Kb5 f5 47. Kb4 Kf6 48. Kb3 Rc6 49. Rf3 e5
50. h4 e4 51. Re3 Ke5 52. g3 Rd6 53. Kc2 f4 54. gxf4+ Kxf4 55. Re1 Rc6+ 56. Kd1
e3 57. Ke2 Rc2+ 58. Kf1 Kf3 59. Kg1 Rd2 60. Rf1+ Kg3 61. Re1 e2 62. Rxe2 Rd1+
63. Re1 Rxe1# {0-1 Balaji,A (1616)-Sloan,C (1698), London 2014}) 10... d6 11.
h3 Qa5 12. Bc4 Be6 13. Bxe6 fxe6 14. Bd4 e5 15. Be3 b5 16. a3 b4 17. axb4 Qxb4
18. Nd5 Nxd5 19. Qxd5+ Kh8 20. c3 Qa4 21. Kd2 Rab8 22. Rb1 Rb5 23. Qd3 Rfb8 24.
Qc2 Qxc2+ 25. Kxc2 a5 26. Rhd1 d5 27. f3 a4 28. Bg1 e6 29. Be3 Kg8 30. f4 exf4
31. Bxf4 e5 32. Bg3 h5 33. Bh2 Kf7 34. Bg3 Ke6 35. Rf1 Rc8 36. Kd3 e4+ 37. Kd2
Rc4 38. Bf2 Rb3 39. Rfe1 a3 {0-1 Ehab,A (1430)-Tork,M (1949), Cairo 2023}) 10.
h3 O-O 11. Be2 a6 12. O-O Qc7 13. Rac1 Bd7 14. Rfd1 Rac8 15. g4 Bc6 16. Qf4 e5
17. Qb4 d5 18. Bb6 Qb8 19. g5 Nd7 20. Nxd5 Bxd5 21. Rxd5 Nxb6 22. Qxb6 e4 23.
c3 f5 24. Rcd1 Rc6 25. Qe3 1/2-1/2

[Event "SU Annen (ch)"]
[Site "?"]
[Date "2024.10.04"]
[Round "5"]
[White "Krug, Christopher"]
[Black "Saage, Armin"]
[Result "1-0"]
[WhiteElo "1537"]
[BlackElo "1321"]
[PlyCount "139"]
[EventDate "2024.08.30"]
[EventType "swiss"]
[EventRounds "7"]
[EventCountry "GER"]
[SourceDate "2024.01.12"]

1. d4 f5 2. Nf3 Nf6 3. Bf4 d6 4. e3 e6 5. Nbd2 {#} h6 (5... Nbd7) (5... Qe7) (
5... g6) (5... Nc6) (5... Be7 {- A 80/13}) 6. h4 b6 7. Bb5+ c6 8. Bd3 Bb7 9. c3
Nbd7 10. e4 fxe4 11. Nxe4 Nxe4 12. Bxe4 Nf6 13. Bg6+ Kd7 14. h5 Ba6 15. Qd2 Kc7
16. O-O-O Kb7 17. Rde1 Qd7 18. Qe3 Nd5 19. Qd2 Be7 20. Kb1 Bf6 21. Bg3 Ne7 22.
Bd3 Bxd3+ 23. Qxd3 Nf5 24. Bh4 Nxh4 25. Nxh4 Bxh4 26. Rxh4 Rhf8 27. Rhe4 Rae8
28. f4 d5 29. Re5 Rxf4 30. Qe3 Rf7 31. Rxe6 Rxe6 32. Qxe6 Kc7 33. Qxd7+ Kxd7
34. g4 Rf3 35. Rg1 Ke6 36. g5 hxg5 37. Rxg5 Kf7 38. Kc2 a6 39. a4 Rf6 40. b4
Rh6 41. Kb3 g6 42. hxg6+ Rxg6 43. Rh5 Kg7 44. b5 cxb5 45. Rxd5 bxa4+ 46. Kxa4
Rc6 47. Rg5+ Kf6 48. Rg3 Rd6 49. Kb4 Kf5 50. Re3 Kf4 51. Re8 Kf5 52. Kc4 Re6
53. Ra8 Rc6+ 54. Kd3 Rg6 55. Rc8 Rg3+ 56. Kc4 Ke4 57. Re8+ Kf5 58. d5 Rg6 59.
Kb4 Rd6 60. c4 Kf6 61. Rc8 Ke5 62. Rc6 a5+ 63. Kb5 a4 64. Kxa4 Rxc6 65. dxc6
Kd6 66. Kb5 Kc7 67. c5 bxc5 68. Kxc5 Kb8 69. Kd6 Kc8 70. c7 1-0